000
00436nam a2200121Ia 4500
005
20251206144428.0
008
251206s9999 xx 000 0 und d
082
_a
595
_b
MUT
100
_a
முத்துக்குமாரசாமி, ந.
245
0
_a
ஆர்த்ரோபோடா III
260
_a
சென்னை :
_b
தமிழ்நாட்டுப் பாடநூல் நிறுவனம்
942
_c
REF
999
_c
601249
_d
601249